Incompressible Flow (Record no. 23654)

000 -LEADER
fixed length control field 00476nam a22001217a 4500
003 - CONTROL NUMBER IDENTIFIER
control field NUST
005 - DATE AND TIME OF LATEST TRANSACTION
control field 20170605133144.0
008 - FIXED-LENGTH DATA ELEMENTS--GENERAL INFORMATION
fixed length control field 131223b xxu||||| |||| 00| 0 eng d
020 ## - INTERNATIONAL STANDARD BOOK NUMBER
International Standard Book Number 047126122X
Terms of availability available
040 ## - CATALOGING SOURCE
Original cataloging agency DLC
Language of cataloging DLC
Transcribing agency RCMS
050 ## - LIBRARY OF CONGRESS CALL NUMBER
Classification number 532.051 PAN
Item number 000632
082 ## - DEWEY DECIMAL CLASSIFICATION NUMBER
Edition number Third Ed
Classification number 532.051 PAN
245 ## - TITLE STATEMENT
Title Incompressible Flow
Statement of responsibility, etc. Panton Ronald L
260 ## - PUBLICATION, DISTRIBUTION, ETC.
Place of publication, distribution, etc. New Jersey
Name of publisher, distributor, etc. John Wiley & Sons
Date of publication, distribution, etc. 2005
538 ## - SYSTEM DETAILS NOTE
Display text Shelf # 10, Row # 1, Mechanical & Aerospace.
942 ## - ADDED ENTRY ELEMENTS (KOHA)
Source of classification or shelving scheme
Koha item type Book
Classification part 532.051 PAN
Holdings
Withdrawn status Lost status Source of classification or shelving scheme Damaged status Not for loan Permanent Location Current Location Shelving location Date acquired Total Checkouts Total Renewals Full call number Barcode Date last seen Date last checked out Price effective from Koha item type
          School of Interdisciplinary Engineering and Sciences (SINES) School of Interdisciplinary Engineering and Sciences (SINES) General Stacks 12/23/2013 7 2 532.05PAN RCMS000632 05/28/2019 03/20/2019 12/23/2013 Book
© 2023 Central Library, National University of Sciences and Technology. All Rights Reserved.